[Event "Martorell op 37th C"]
[Site "Martorell"]
[Date "2019.11.16"]
[Round "9.2"]
[White "Segarra Gonzalez, Jordi"]
[Black "Serralvo Martinez, Joan Antoni"]
[Result "1-0"]
[WhiteElo "1748"]
[BlackElo "1756"]
[PlyCount "69"]
[EventDate "2019.09.14"]
[EventType "swiss"]
[EventRounds "9"]
[EventCountry "ESP"]
[SourceTitle "EXT 2024"]
[Source "ChessBase"]
[SourceDate "2023.10.10"]
[SourceVersion "1"]
[SourceVersionDate "2023.10.10"]
[SourceQuality "1"]

1. d4 Nf6 2. Nc3 d5 3. Bf4 e6 4. e3 Bd6 5. Bxd6 Qxd6 6. Bd3 a6 7. Nf3 Nc6 8. a3 Bd7 9. Qe2 0-0 10. h3 Rfe8 11. 0-0 e5 12. dxe5 Nxe5 13. Nxe5 Qxe5 14. Rfe1 d4 15. exd4 Qxd4 16. Qd2 Bf5 17. Rxe8+ Rxe8 18. Rd1 Rd8 19. Qg5 Bg6 20. Bxg6 Qxd1+ 21. Nxd1 Rxd1+ 22. Kh2 hxg6 23. Qc5 Rd7 24. Qa7 c6 25. Qb8+ Kh7 26. f3 g5 27. c4 Kg6 28. b4 Kh7 29. a4 Kh6 30. g4 Kg6 31. Kg3 Kh7 32. h4 Kg6 33. hxg5 Kxg5 34. Qf4+ Kg6 35. Qf5+ 1-0

[Event "Martorell op 37th C"]
[Site "Martorell"]
[Date "2019.11.09"]
[Round "8.3"]
[White "Ruiz Talavera, Adolfo"]
[Black "Segarra Gonzalez, Jordi"]
[Result "0-1"]
[WhiteElo "1823"]
[BlackElo "1748"]
[PlyCount "102"]
[EventDate "2019.09.14"]
[EventType "swiss"]
[EventRounds "9"]
[EventCountry "ESP"]
[SourceTitle "EXT 2024"]
[Source "ChessBase"]
[SourceDate "2023.10.10"]
[SourceVersion "1"]
[SourceVersionDate "2023.10.10"]
[SourceQuality "1"]

1. d4 d6 2. c4 Nf6 3. Nc3 Nbd7 4. Nf3 e5 5. dxe5 dxe5 6. Bg5 Bb4 7. Rc1 0-0 8. a3 Bxc3+ 9. Rxc3 Re8 10. b4 c6 11. e3 Qc7 12. Bxf6 Nxf6 13. h3 Bf5 14. Be2 Rad8 15. Qb3 h6 16. 0-0 Nh7 17. c5 Ng5 18. Nxg5 hxg5 19. Rcc1 Rd2 20. Bc4 Red8 21. Rfd1 Bg6 22. Rxd2 Rxd2 23. Qc3 Qd7 24. Qxe5 Rd1+ 25. Rxd1 Qxd1+ 26. Kh2 Qd8 27. Qd6 Qf6 28. Kg3 Qxd6+ 29. cxd6 Kf8 30. Kf3 Ke8 31. e4 Kd7 32. e5 f6 33. Kg4 fxe5 34. Kxg5 Be4 35. g3 Bd5 36. Be2 Be4 37. Bh5 Bh7 38. Bg6 Bxg6 39. Kxg6 b6 40. h4 c5 41. Kf5 cxb4 42. axb4 a5 43. bxa5 bxa5 44. Ke4 Kxd6 45. Kd3 e4+ 46. Kc3 Ke5 47. Kc2 Kf5 48. Kb3 Kg4 49. Ka4 Kf3 50. Kxa5 Kxf2 51. Kb4 e3 0-1